Govt. of
Madhya Pradesh

Indian Art & Culture For Civil Services And Other Competitive Examinations (Record no. 66226)

MARC details
000 -LEADER
fixed length control field 00348nam a22001217a 4500
082 ## - DEWEY DECIMAL CLASSIFICATION NUMBER
Classification number 720/SIN
100 ## - MAIN ENTRY--AUTHOR NAME
Personal name Singhania,Nitin
245 ## - TITLE STATEMENT
Title Indian Art & Culture For Civil Services And Other Competitive Examinations
250 ## - EDITION STATEMENT
Edition statement 5th Edition
260 ## - PUBLICATION, DISTRIBUTION, ETC. (IMPRINT)
Place of publication Chennai
Name of publisher McGraw Hill Education
Year of publication 2023
650 ## - SUBJECT ADDED ENTRY--TOPICAL TERM
Topical Term Art And Culture
942 ## - ADDED ENTRY ELEMENTS (KOHA)
Koha item type Books
Holdings
Withdrawn status Lost status Damaged status Not for loan Home library Current library Date acquired Cost, normal purchase price Full call number Accession Number Price effective from Koha item type
        MACL MACL 27/10/2023 925.00 720/SIN DPI001590 27/10/2023 Books